Formule 1 - Pilotes brésiliens - Statistiques

Statistiques générales
  • Ce quiz a été pris 49 fois
  • Le résultat moyen est 12 sur 31
Statistiques - réponses
Par images Réponse % Correct
Ayrton Senna
100%
Bruno Senna
97%
Gabriel Bortoleto
97%
Felipe Massa
90%
Nelsinho Piquet
77%
Nelson Piquet
77%
Rubens Barrichello
74%
Christian Fittipaldi
71%
Emerson Fittipaldi
71%
Pietro Fittipaldi
68%
Wilson Fittipaldi
68%
Felipe Nasr
48%
Carlos Pace
32%
Enrique Bernoldi
23%
Ricardo Zonta
23%
Antonio Pizzonia
16%
Chico Serra
16%
Cristiano da Matta
16%
Lucas di Grassi
16%
Roberto Moreno
16%
Pedro Diniz
13%
Ricardo Rosset
10%
Alex Ribeiro
6%
Luciano Burti
6%
Mauricio Gugelmin
6%
Raul Boesel
6%
Tarso Marques
6%
Fritz d'Orey
3%
Ingo Hoffmann
3%
Luiz Bueno
3%
Gino Bianco
0%
Aucun quiz correspondant
Distribution des résultats
% des personnes avec chaque résultat
Percentile par nombre de réponses
Votre historique - résultats
Vous n’avez pas pris ce quiz